|
|
|
|
| LEADER |
00000nam0a2200000 4500 |
| 001 |
227335 |
| 005 |
20231101230808.0 |
| 035 |
|
|
|a (RuTPU)RU\TPU\book\247751
|
| 090 |
|
|
|a 227335
|
| 100 |
|
|
|a 20121205d1971 m y0rusy50 ca
|
| 101 |
0 |
|
|a rus
|
| 102 |
|
|
|a UA
|
| 105 |
|
|
|a a z 001zy
|
| 200 |
1 |
|
|a Теория армированных материалов с покрытиями
|f Г. А. Ван Фо Фы
|g Академия наук Украины (АНУ), Институт механики
|
| 210 |
|
|
|a Киев
|c Наукова думка
|d 1971
|
| 215 |
|
|
|a 232 с.
|c ил.
|
| 320 |
|
|
|a Библиогр.: с. 227-230.
|
| 606 |
1 |
|
|a Материалы армированные
|2 stltpush
|3 (RuTPU)RU\TPU\subj\41328
|9 61132
|
| 610 |
1 |
|
|a материаловедение
|
| 610 |
1 |
|
|a армирование
|
| 610 |
1 |
|
|a покрытия
|
| 610 |
1 |
|
|a теория
|
| 610 |
1 |
|
|a упругость
|
| 610 |
1 |
|
|a теплопроводность
|
| 610 |
1 |
|
|a электромагнитные свойства
|
| 675 |
|
|
|a 620.22-419.8
|v 3
|
| 700 |
|
1 |
|a Ван Фо Фы
|b Г. А.
|g Георгий Андреевич
|
| 712 |
0 |
2 |
|a Академия наук Украины (АНУ)
|b Институт механики
|f (Киев)
|z (1991-1993)
|2 stltpush
|3 (RuTPU)RU\TPU\col\18301
|
| 801 |
|
1 |
|a RU
|b 63413507
|c 20121205
|
| 801 |
|
2 |
|a RU
|b 63413507
|c 20130215
|g RCR
|
| 942 |
|
|
|c BK
|